Software architecture : perspectives on an emerging discipline /
Guardado en:
| Autor Principal: | |
|---|---|
| Otros Autores: | |
| Formato: | Libro |
| Idioma: | English |
| Publicado: |
Upper Saddle River, N.J. :
Prentice Hall,
c1996.
|
| Materias: | |
| Etiquetas: |
Agregar Etiqueta
Sin Etiquetas, Sea el primero en etiquetar este registro!
|
| LEADER | 00862pam a2200241 a 4500 | ||
|---|---|---|---|
| 001 | DCC.dcic000652 | ||
| 008 | 951106s1996####njua#####b####001#0#eng## | ||
| 005 | 20151124142942.0 | ||
| 245 | 1 | 0 | |a Software architecture : |b perspectives on an emerging discipline / |c Mary Shaw, David Garlan ; [foreword by Barry Boehm]. |
| 260 | |a Upper Saddle River, N.J. : |b Prentice Hall, |c c1996. | ||
| 300 | |a xxi, 242 p. : |b il. ; |c 24 cm. | ||
| 500 | |a "An Alan R. Apt book." | ||
| 504 | |a Incluye referencias bibliográficas (p. 227-237) e índice. | ||
| 020 | |a 0131829572 (paper) | ||
| 100 | 1 | |a Shaw, Mary, |d 1943- | |
| 700 | 1 | |a Garlan, David. | |
| 082 | 0 | 0 | |a 005.1/1 |2 20 |
| 650 | 0 | |a Software architecture. | |
| 010 | |a 95049957 | ||
| 040 | |a DLC |c DLC |d DLC |d WaU | ||
| 050 | 0 | 0 | |a QA76.754 |b .S48 1996 |
| 859 | |a DCIC |b BIB. COMPUTACION |p 0925 |t 1 | ||
| 859 | |a DCIC |b BIB. COMPUTACION |p 1966 |t 2 | ||
